[Event "European Youth Chess Championship B16"]
[Site "Prague, Top Hotel Prague"]
[Date "2012.08.18"]
[Round "2.11"]
[White "Toman, Ondrej"]
[Black "Csonka, Balazs"]
[Result "1/2-1/2"]
[WhiteElo "2074"]
[BlackElo "2313"]
[PlyCount "142"]
[EventDate "2012.08.17"]

1. e4 c5 2. Nc3 d6 3. f4 g6 4. Nf3 Bg7 5. g3 Nc6 6. Bg2 Nf6 7. O-O O-O 8. d3
Bg4 9. h3 Bxf3 10. Qxf3 Nd7 11. Be3 Rb8 12. Nd1 b5 13. c3 Rc8 14. Nf2 b4 15.
Bd2 Qa5 16. Rfc1 Nb6 17. a3 bxc3 18. Bxc3 Qb5 19. Bxg7 Kxg7 20. Rab1 Qa4 21.
Qe3 Qd4 22. Nd1 Qxe3+ 23. Nxe3 Nd4 24. Kf2 f6 25. Nc4 Nb3 26. Nxb6 axb6 27. Rc3
Nd4 28. Bf3 e5 29. Rbc1 Ra8 30. Ke3 Ra7 31. Bg2 Raf7 32. Rf1 Ra7 33. fxe5 fxe5
34. Rxf8 Kxf8 35. Bf3 Kg7 36. Bd1 h5 37. Rc1 Kh6 38. h4 g5 39. hxg5+ Kxg5 40.
Be2 Ra5 41. Bd1 Ra7 42. Be2 Nxe2 43. Kxe2 Kg4 44. Rh1 b5 45. Rh4+ Kg5 46. Rh1
Ra4 47. Kd2 b4 48. axb4 Rxb4 49. Kc3 Rb7 50. Rh2 Rh7 51. Rh4 Rf7 52. Kc4 Rf2
53. b3 Rc2+ 54. Kd5 Rc3 55. Kxd6 Rxb3 56. Kxe5 Rxd3 57. Rh1 c4 58. Ke6 Rxg3 59.
e5 h4 60. Kd6 Rd3+ 61. Ke7 Re3 62. e6 h3 63. Kf7 Kh4 64. e7 c3 65. e8=Q Rxe8
66. Kxe8 c2 67. Ke7 Kg3 68. Ke6 h2 69. Rc1 Kg2 70. Rxc2+ Kg1 71. Rxh2 Kxh2
1/2-1/2

[Event "European Youth Chess Championship B16"]
[Site "Prague, Top Hotel Prague"]
[Date "2012.08.18"]
[Round "2.12"]
[White "Lugovskoy, Maxim"]
[Black "Khamidov, Komil"]
[Result "0-1"]
[WhiteElo "2312"]
[BlackElo "2090"]
[PlyCount "116"]
[EventDate "2012.08.17"]

1. e4 c5 2. Nf3 d6 3. c3 Nf6 4. Be2 Nc6 5. d4 cxd4 6. cxd4 d5 7. e5 Ne4 8. O-O
e6 9. Nc3 f5 10. exf6 Qxf6 11. Nxe4 dxe4 12. Ne5 Nxe5 13. dxe5 Qxe5 14. Qb3 a6
15. g3 Be7 16. Bf4 Qf5 17. f3 O-O 18. Rae1 exf3 19. Bxf3 Qb5 20. Qc2 Qc5+ 21.
Qxc5 Bxc5+ 22. Kg2 Bd4 23. b3 Re8 24. Re2 Ra7 25. Rd1 Bf6 26. Be3 Ra8 27. Rc2
Rd8 28. Rdc1 e5 29. Rc7 Rb8 30. Ba7 Ra8 31. Bb6 Rd2+ 32. Kg1 Bf5 33. Bxb7 Rb8
34. Be3 Rd3 35. Bf2 Bg5 36. Bxa6 Rd2 37. Bc4+ Kh8 38. Re1 e4 39. Rc5 Rf8 40.
Re2 e3 41. Be1 Bh3 42. Rxd2 exd2 43. Bxd2 Bxd2 44. Re5 Bc3 45. Re4 Bf5 46. Re7
Bb4 47. Re5 Bc3 48. Re7 g6 49. Kg2 Bd4 50. a4 Bg4 51. Bf7 Bc5 52. Rc7 Bd6 53.
Ra7 Rc8 54. Bc4 Rd8 55. a5 Bc5 56. Rf7 Rd2+ 57. Kh1 Bh3 58. Bf1 Rd1 0-1

[Event "European Youth Chess Championship B16"]
[Site "Prague, Top Hotel Prague"]
[Date "2012.08.18"]
[Round "2.13"]
[White "Grib, Roman"]
[Black "Bayramov, Elkhan"]
[Result "1/2-1/2"]
[WhiteElo "2309"]
[BlackElo "2069"]
[PlyCount "95"]
[EventDate "2012.08.17"]

1. e4 e6 2. d4 c5 3. d5 exd5 4. exd5 d6 5. Bb5+ Bd7 6. Qe2+ Be7 7. Bf4 Qb6 8.
Nc3 a6 9. Bxd7+ Nxd7 10. O-O-O O-O-O 11. Nf3 Bf6 12. Qc4 Ne7 13. Ng5 Ne5 14.
Bxe5 Bxg5+ 15. Kb1 Qb4 16. Qxb4 cxb4 17. Ne4 dxe5 18. Nxg5 Rxd5 19. Nxf7 Rf8
20. Nd6+ Kc7 21. Ne4 Rfd8 22. Rxd5 Rxd5 23. Re1 Nf5 24. c3 bxc3 25. Nxc3 Rd2
26. Ne4 Rd4 27. a3 Nh4 28. f3 Nxg2 29. Rg1 Nh4 30. Rxg7+ Kc6 31. Rxh7 Nxf3 32.
Rh6+ Kc7 33. Nc5 Rd5 34. Rh7+ Kc6 35. b4 a5 36. Rh3 axb4 37. axb4 b6 38. Rxf3
bxc5 39. Rc3 Kb5 40. bxc5 Rxc5 41. Kc2 Rxc3+ 42. Kxc3 Kc5 43. h4 Kd5 44. h5 Ke6
45. Kd3 Kf5 46. h6 Kg6 47. Ke4 Kxh6 48. Kxe5 1/2-1/2

[Event "European Youth Chess Championship B16"]
[Site "Prague, Top Hotel Prague"]
[Date "2012.08.18"]
[Round "2.14"]
[White "Vanagas, Tadas"]
[Black "Harutyunian, Tigran K"]
[Result "0-1"]
[WhiteElo "2067"]
[BlackElo "2308"]
[PlyCount "74"]
[EventDate "2012.08.17"]

1. d4 Nf6 2. c4 e6 3. Nf3 d5 4. g3 dxc4 5. Bg2 Nbd7 6. Qa4 a6 7. Qxc4 b5 8. Qc6
Rb8 9. O-O Bb7 10. Qc2 c5 11. Bf4 Rc8 12. Nbd2 Nd5 13. Rac1 Be7 14. Qd3 O-O 15.
Ne4 Nxf4 16. gxf4 c4 17. Qc2 g6 18. e3 Qb6 19. Ne5 Rfd8 20. Qe2 Kg7 21. Ng3 Nf6
22. h3 h5 23. Qc2 Nd5 24. Ne2 Bd6 25. Bxd5 Bxd5 26. Kh2 Qb7 27. Rg1 Be4 28. Qd2
f6 29. Nxg6 Bxg6 30. Rg3 Kf7 31. Rxg6 Kxg6 32. Rg1+ Kf7 33. Qc2 f5 34. Ng3 Qd5
35. Qe2 Rh8 36. Nxh5 Rcg8 37. Rxg8 Rxg8 0-1

[Event "European Youth Chess Championship B16"]
[Site "Prague, Top Hotel Prague"]
[Date "2012.08.18"]
[Round "2.19"]
[White "Kobo, Ori"]
[Black "Machan, Jan"]
[Result "1-0"]
[WhiteElo "2249"]
[BlackElo "2055"]
[PlyCount "49"]
[EventDate "2012.08.17"]

1. Nf3 Nf6 2. c4 g6 3. Nc3 d5 4. cxd5 Nxd5 5. Qb3 Nb6 6. d4 Bg7 7. e4 O-O 8.
Be3 Bg4 9. O-O-O Nc6 10. d5 Ne5 11. h3 Bxf3 12. gxf3 Nxf3 13. Be2 Ne5 14. f4
Ned7 15. h4 h5 16. Rhg1 Qc8 17. e5 c6 18. d6 e6 19. Bxh5 Nd5 20. Nxd5 cxd5+ 21.
Kb1 gxh5 22. Rxg7+ Kxg7 23. Rg1+ Kh6 24. f5+ Kh7 25. Qd1 1-0

[Event "European Youth Chess Championship B16"]
[Site "Prague, Top Hotel Prague"]
[Date "2012.08.18"]
[Round "2.20"]
[White "Mirzoev, Emil"]
[Black "De Vleeschauwer, Maarten"]
[Result "1-0"]
[WhiteElo "2241"]
[BlackElo "1996"]
[PlyCount "59"]
[EventDate "2012.08.17"]

1. d4 c5 2. d5 g6 3. Nf3 d6 4. e4 Bg4 5. Be2 Bxf3 6. Bxf3 Na6 7. O-O Bg7 8. Nd2
Nf6 9. a4 O-O 10. Nc4 Nc7 11. Re1 Nd7 12. Bf4 Nb6 13. Nxb6 axb6 14. c3 b5 15.
axb5 Rxa1 16. Qxa1 Nxb5 17. e5 dxe5 18. Bxe5 Nd6 19. Bf4 Qd7 20. Bg5 Re8 21.
Qa5 e6 22. Qxc5 exd5 23. Rxe8+ Qxe8 24. g3 Qe1+ 25. Kg2 Ne4 26. Qc8+ Bf8 27.
Be3 Nd2 28. Bxd2 Qxd2 29. Qxb7 d4 30. Bd5 1-0

[Event "European Youth Chess Championship B16"]
[Site "Prague, Top Hotel Prague"]
[Date "2012.08.18"]
[Round "2.21"]
[White "Korchmar, Vasiliy"]
[Black "Fontaine, Quentin"]
[Result "1/2-1/2"]
[WhiteElo "2234"]
[BlackElo "1916"]
[PlyCount "110"]
[EventDate "2012.08.17"]

1. e4 c5 2. Nf3 Nf6 3. Nc3 Nc6 4. d4 d5 5. exd5 Nxd5 6. Bb5 Nxc3 7. bxc3 cxd4
8. Bxc6+ bxc6 9. cxd4 Ba6 10. Ne5 Qd5 11. Qf3 Qxf3 12. Nxf3 e6 13. Rb1 Bd6 14.
Be3 O-O 15. Kd2 Bc4 16. a4 Rab8 17. Ne5 Bxe5 18. dxe5 a6 19. Kc3 Bd5 20. f3 c5
21. Rxb8 Rxb8 22. Bxc5 h5 23. Kd3 Rc8 24. Kd4 Rb8 25. Ra1 Rd8 26. Bd6 Rc8 27.
Bc5 Rd8 28. Bd6 Rc8 29. Kd3 Bc4+ 30. Kd2 Bd5 31. Rb1 Rc4 32. Rb8+ Kh7 33. Rb4
Kg6 34. Kd3 Rxb4 35. Bxb4 Kf5 36. Kd4 h4 37. Ke3 g5 38. Be7 a5 39. g4+ hxg3 40.
hxg3 Bc6 41. Bf6 Bxa4 42. g4+ Kg6 43. c3 Bc6 44. Be7 a4 45. f4 gxf4+ 46. Kxf4
Bd5 47. Ke3 Bb3 48. Kd4 Bd1 49. g5 Kf5 50. c4 Bf3 51. Bf6 Be4 52. Kc3 Kf4 53.
Kb4 Bc6 54. Ka3 Ke4 55. Kb4 Kd4 1/2-1/2

[Event "European Youth Chess Championship B16"]
[Site "Prague, Top Hotel Prague"]
[Date "2012.08.18"]
[Round "2.22"]
[White "Kerdik, Adam"]
[Black "Yanchenko, Roman"]
[Result "0-1"]
[WhiteElo "1966"]
[BlackElo "2230"]
[PlyCount "72"]
[EventDate "2012.08.17"]

1. e4 e6 2. d4 d5 3. Nc3 dxe4 4. Nxe4 Nd7 5. Bd3 Ngf6 6. Qe2 Nxe4 7. Bxe4 Nf6
8. Bxb7 Bxb7 9. Qb5+ Qd7 10. Qxb7 Rd8 11. Be3 Bd6 12. Ne2 Nd5 13. Qb3 O-O 14.
c4 Rb8 15. Qc2 Nb4 16. Qb3 Nd5 17. Qc2 Nb4 18. Qb3 e5 19. O-O Nc6 20. Qc2 exd4
21. Nxd4 Nxd4 22. Bxd4 Bxh2+ 23. Kxh2 Qxd4 24. b3 Rb6 25. g3 Qd7 26. Rh1 Rh6+
27. Kg2 Qc6+ 28. f3 Rg6 29. Rh3 f5 30. Qd3 Rd6 31. Qe3 Re8 32. Qf2 Rde6 33. Kg1
Qd6 34. Rh2 Re2 35. Qxe2 Rxe2 36. Rxe2 Qd4+ 0-1

EventDate "2012.08.17"]

[Event "European Youth Chess Championship B16"]
[Site "Prague, Top Hotel Prague"]
[Date "2012.08.18"]
[Round "2.23"]
[White "Stathopoulos, Ioannis"]
[Black "Shpakovsky, Kirill"]
[Result "1-0"]
[WhiteElo "2216"]
[BlackElo "1760"]
[PlyCount "73"]
[EventDate "2012.08.17"]

1. d4 d5 2. c4 e5 3. dxe5 d4 4. Nf3 Nc6 5. g3 Be6 6. Nbd2 Qd7 7. Bg2 O-O-O 8.
O-O h5 9. b4 Bxb4 10. Qa4 Bc3 11. Rb1 Na5 12. Rb5 b6 13. Ne4 a6 14. Nxc3 axb5
15. Nxb5 Bxc4 16. Nfxd4 Bd5 17. Bxd5 Qxd5 18. Nb3 Qc4 19. Na7+ Kb8 20. Qxc4
Nxc4 21. Nc6+ Kc8 22. Nxd8 Kxd8 23. Rd1+ Ke8 24. Rd4 b5 25. a4 bxa4 26. Rxc4
axb3 27. Rxc7 Ne7 28. Ba3 Ng6 29. f4 h4 30. f5 Nf8 31. Rb7 hxg3 32. hxg3 g6 33.
Rxb3 Nd7 34. e6 fxe6 35. fxe6 Rh7 36. exd7+ Rxd7 37. Re3+ 1-0

[Event "European Youth Chess Championship B16"]
[Site "Prague, Top Hotel Prague"]
[Date "2012.08.18"]
[Round "2.24"]
[White "Walek, Petr"]
[Black "Bida, Mihai-Eugen"]
[Result "0-1"]
[WhiteElo "1952"]
[BlackElo "2213"]
[PlyCount "96"]
[EventDate "2012.08.17"]

1. e4 c5 2. Nf3 Nc6 3. d4 cxd4 4. Nxd4 Nf6 5. Nc3 d6 6. Bg5 e6 7. Qd2 a6 8.
O-O-O Bd7 9. f3 Be7 10. Be3 b5 11. g4 Nxd4 12. Bxd4 b4 13. Ne2 e5 14. Be3 Qa5
15. Kb1 Be6 16. Nc1 O-O 17. h4 d5 18. g5 d4 19. gxf6 dxe3 20. Qxe3 Bxf6 21. Nb3
Qc7 22. Qc5 Qb8 23. Qd6 Qa7 24. Qxb4 Rfc8 25. Bh3 a5 26. Qd2 Bxh3 27. Rxh3 Rd8
28. Qe2 Rxd1+ 29. Qxd1 a4 30. Nc1 a3 31. b3 Qe3 32. Rh1 Qc3 33. Nd3 Rd8 34. Qe2
Be7 35. Rd1 Bxh4 36. Qd2 Qc7 37. c4 Be7 38. Qc2 h5 39. Rc1 Bg5 40. Rg1 Be3 41.
Rh1 Qd6 42. Rd1 Bc5 43. Nf2 Qe7 44. Rxd8+ Qxd8 45. Nd3 Qd6 46. Nxc5 Qxc5 47.
Qd2 Qd4 48. Qg2 Qd1# 0-1

[Event "European Youth Chess Championship B16"]
[Site "Prague, Top Hotel Prague"]
[Date "2012.08.18"]
[Round "2.28"]
[White "Boscolo, Federico"]
[Black "Popov, Kirill"]
[Result "1-0"]
[WhiteElo "2328"]
[BlackElo "2037"]
[PlyCount "59"]
[EventDate "2012.08.17"]

1. e4 e6 2. d4 d5 3. Nd2 c5 4. exd5 Qxd5 5. Ngf3 cxd4 6. Bc4 Qd6 7. O-O Nf6 8.
Nb3 Nc6 9. Nbxd4 Nxd4 10. Nxd4 a6 11. Re1 Qc7 12. Bb3 Bd7 13. Qf3 Bd6 14. h3
O-O-O 15. Bg5 Rhg8 16. Rad1 Kb8 17. Re3 Bc8 18. c3 Ka8 19. Bh4 Bf4 20. Bg3 g5
21. Rde1 Qb6 22. Bxf4 gxf4 23. Qxf4 e5 24. Rxe5 Bxh3 25. g3 Rg7 26. Qh6 Rxd4
27. cxd4 Rxg3+ 28. fxg3 Qxd4+ 29. Qe3 Qxb2 30. Qf2 1-0

[Event "European Youth Chess Championship B16"]
[Site "Prague, Top Hotel Prague"]
[Date "2012.08.18"]
[Round "2.29"]
[White "Liduch, Filip"]
[Black "Basso, Pier Luigi"]
[Result "0-1"]
[WhiteElo "1683"]
[BlackElo "2167"]
[PlyCount "58"]
[EventDate "2012.08.17"]

1. e4 c5 2. Nf3 d6 3. d4 Nf6 4. Nc3 cxd4 5. Nxd4 a6 6. Be2 e5 7. Nb3 Be7 8. O-O
O-O 9. Be3 Be6 10. f4 exf4 11. Bxf4 Nc6 12. Qd2 Ne5 13. Rad1 b5 14. Nd4 Qb6 15.
Kh1 Qb7 16. Nf5 Bxf5 17. exf5 Rac8 18. Bf3 Nxf3 19. Rxf3 b4 20. Nb1 d5 21. c3
Rfd8 22. Be5 Ne4 23. Qf4 Rc4 24. Bd4 Rdc8 25. Qg4 Bf6 26. Nd2 Rxd4 27. cxd4
Nxd2 28. Rd3 Ne4 29. Qe2 Qb5 0-1

[Event "European Youth Chess Championship B16"]
[Site "Prague, Top Hotel Prague"]
[Date "2012.08.18"]
[Round "2.30"]
[White "Zakrzheuski, Vladislav"]
[Black "Cap, Adam"]
[Result "1/2-1/2"]
[WhiteElo "1849"]
[BlackElo "2074"]
[PlyCount "70"]
[EventDate "2012.08.17"]

1. c4 Nf6 2. Nc3 g6 3. e4 d6 4. d4 Bg7 5. Be2 O-O 6. g4 e5 7. d5 Nbd7 8. g5 Ne8
9. h4 a6 10. Be3 Nc5 11. b4 Nd7 12. Nf3 c5 13. a3 Nc7 14. Nd2 Qe7 15. b5 Ne8
16. Qc2 Qd8 17. Bg4 Nb6 18. Bxc8 Qxc8 19. f3 f5 20. Qd1 f4 21. Bf2 Qd7 22. a4
a5 23. Qe2 Kf7 24. O-O-O Rh8 25. Rh2 h5 26. gxh6 Rxh6 27. Rg1 Nf6 28. Qf1 Nh5
29. Rhg2 Bf6 30. Rg4 Be7 31. Qg2 Rg8 32. Kc2 Nf6 33. Rg5 Nh5 34. Rg4 Nf6 35.
Rg5 Nh5 1/2-1/2

[Event "European Youth Chess Championship B16"]
[Site "Prague, Top Hotel Prague"]
[Date "2012.08.18"]
[Round "2.32"]
[White "Dereshki, Dario"]
[Black "Kessler, Luca"]
[Result "0-1"]
[WhiteElo "1938"]
[BlackElo "2242"]
[PlyCount "76"]
[EventDate "2012.08.17"]

1. d4 d5 2. Nf3 Nf6 3. c4 e6 4. Nc3 Be7 5. Bg5 h6 6. Bh4 O-O 7. e3 b6 8. Qb3
Bb7 9. Bxf6 Bxf6 10. cxd5 exd5 11. Rd1 Re8 12. Bd3 c5 13. dxc5 Nd7 14. c6 Bxc6
15. O-O Nc5 16. Qc2 Qe7 17. Bb5 Bxb5 18. Nxb5 Red8 19. Nbd4 Rac8 20. Qe2 Qd7
21. Rc1 Ne4 22. Qd3 g6 23. Rfd1 Rxc1 24. Rxc1 Rc8 25. Rc2 a5 26. Qd1 Kg7 27.
Qc1 Rc5 28. Rxc5 bxc5 29. Nc2 Qb5 30. Nce1 Bxb2 31. Qc2 Bf6 32. Nd3 a4 33. h4
a3 34. Nf4 Qb2 35. Ne1 Nc3 36. h5 Qxa2 37. Qd3 c4 38. Qf1 g5 0-1

[Event "European Youth Chess Championship B16"]
[Site "Prague, Top Hotel Prague"]
[Date "2012.08.18"]
[Round "2.33"]
[White "Urbanc, Peter"]
[Black "Grandadam, Patrik"]
[Result "1/2-1/2"]
[WhiteElo "1931"]
[BlackElo "2237"]
[PlyCount "138"]
[EventDate "2012.08.17"]

1. c4 e6 2. Nc3 d5 3. e3 Nf6 4. Nf3 c5 5. d4 Nc6 6. Be2 cxd4 7. exd4 Be7 8. O-O
O-O 9. Re1 b6 10. Ne5 Bb7 11. Bf3 Na5 12. Bg5 Re8 13. Bxf6 Bxf6 14. cxd5 exd5
15. b4 Rc8 16. bxa5 Rxc3 17. axb6 axb6 18. Qd2 Rc7 19. Ng4 Rxe1+ 20. Rxe1 h6
21. Nxf6+ Qxf6 22. Re8+ Kh7 23. h3 g6 24. Re5 Qd6 25. Qb2 Kg7 26. g3 Rc4 27.
Be2 Qb4 28. Qxb4 Rxb4 29. Re7 Bc8 30. Bf3 Rxd4 31. Rc7 Bxh3 32. Rb7 Be6 33.
Rxb6 Ra4 34. Rb2 d4 35. Rd2 Bxa2 36. Bd1 Ra5 37. Rxd4 Bd5 38. g4 Be6 39. Kh2
Kf6 40. Kg3 Ra3+ 41. f3 Ra5 42. Rb4 Ra3 43. Rd4 Rc3 44. Ba4 Ke7 45. Bb5 f5 46.
gxf5 Bxf5 47. Kf4 h5 48. Ra4 Rc1 49. Ra7+ Kf6 50. Ra6+ Kg7 51. Bc6 Bc8 52. Ra7+
Kf6 53. Be4 g5+ 54. Ke3 h4 55. Kf2 h3 56. Kg3 Rg1+ 57. Kh2 Rg2+ 58. Kh1 Rd2 59.
Ra8 Be6 60. Ra5 Rd1+ 61. Kh2 Rd2+ 62. Kh1 Re2 63. Bb7 Kg6 64. Bc6 Re1+ 65. Kh2
Re2+ 66. Kh1 g4 67. fxg4 Bxg4 68. Bb7 Bf5 69. Bc6 Re1+ 1/2-1/2

[Event "European Youth Chess Championship B16"]
[Site "Prague, Top Hotel Prague"]
[Date "2012.08.18"]
[Round "2.34"]
[White "Samdanov, Samdan"]
[Black "Ramsdal, Jens Albert"]
[Result "1-0"]
[WhiteElo "2207"]
[BlackElo "1943"]
[PlyCount "79"]
[EventDate "2012.08.17"]

1. d4 Nf6 2. c4 e6 3. Nc3 Bb4 4. Qc2 O-O 5. a3 Bxc3+ 6. Qxc3 d5 7. Nf3 b6 8.
Bg5 dxc4 9. Qxc4 Ba6 10. Qa4 Qd7 11. Qc2 Rc8 12. Rd1 Qc6 13. Qxc6 Nxc6 14. Rc1
Na5 15. b4 Nb7 16. a4 Nd6 17. Ne5 Nd5 18. Bd2 Bb7 19. f3 f6 20. Nd3 Ne7 21. e3
Bc6 22. b5 Bd7 23. Bb4 Kf7 24. Kd2 Ndf5 25. g4 Nh4 26. Be2 c6 27. Nf2 Nd5 28.
Ba3 cxb5 29. axb5 a6 30. bxa6 b5 31. e4 Nf4 32. Rxc8 Bxc8 33. Nd3 Nxd3 34. Kxd3
Bxa6 35. Bb4 Ng2 36. Bd1 Bb7 37. Bb3 Nh4 38. f4 Rc8 39. f5 Rd8 40. fxe6+ 1-0

[Event "European Youth Chess Championship B16"]
[Site "Prague, Top Hotel Prague"]
[Date "2012.08.18"]
[Round "2.35"]
[White "Ragnarsson, Dagur"]
[Black "Shen, Yue"]
[Result "1-0"]
[WhiteElo "1913"]
[BlackElo "2139"]
[PlyCount "141"]
[EventDate "2012.08.17"]

1. c4 Nf6 2. g3 g6 3. Nc3 Bg7 4. Bg2 O-O 5. e4 d6 6. Nge2 c5 7. O-O Nc6 8. d3
Bd7 9. Rb1 Qc8 10. a3 Bg4 11. f3 Be6 12. b4 Nd7 13. Be3 f5 14. Qd2 Nce5 15. Nf4
Bf7 16. Ncd5 Re8 17. Nh3 fxe4 18. fxe4 Bxd5 19. exd5 Ng4 20. Bf4 b6 21. Ng5
cxb4 22. axb4 a5 23. Qe2 Nge5 24. Bh3 Bf6 25. Be6+ Kg7 26. Bxe5 dxe5 27. Qd2
Qc7 28. Nf7 Nf8 29. Qh6+ Kg8 30. Ng5+ Kh8 31. Nf7+ Kg8 32. Nd6+ Nxe6 33. Nxe8
Rxe8 34. dxe6 a4 35. Qe3 Qc6 36. c5 b5 37. Qe4 Rc8 38. Rbc1 Kg7 39. Rc2 Rc7 40.
Kf2 Kf8 41. Ke3 Qxe6 42. c6 Kg7 43. h4 Qh3 44. Qf3 e4 45. Qf4 exd3 46. Kxd3
Rxc6 47. Rxc6 Qd7+ 48. Rd6 Qxd6+ 49. Qxd6 exd6 50. Rc1 Bb2 51. Rc7+ Kf6 52. Rb7
a3 53. Kc2 Be5 54. Kb3 Bxg3 55. Rxh7 Kf5 56. h5 g5 57. Rg7 Be5 58. Rg8 g4 59.
h6 g3 60. h7 Kf4 61. Rf8+ Ke3 62. Re8 g2 63. h8=Q g1=Q 64. Qh6+ Kd3 65. Qh7+
Kd2 66. Qc2+ Ke3 67. Rxe5+ Kf3 68. Rf5+ Ke3 69. Re5+ Kf3 70. Qe2+ Kf4 71. Qe4+
1-0

[Event "European Youth Chess Championship B16"]
[Site "Prague, Top Hotel Prague"]
[Date "2012.08.18"]
[Round "2.36"]
[White "Kanjaryan, Vladimir"]
[Black "Hros, Roman"]
[Result "1-0"]
[WhiteElo "2091"]
[BlackElo "1935"]
[PlyCount "139"]
[EventDate "2012.08.17"]

1. e4 e5 2. Nf3 Nc6 3. Bb5 a6 4. Ba4 Nf6 5. d3 d6 6. c3 Be7 7. Nbd2 Bd7 8. O-O
O-O 9. Re1 Re8 10. Nf1 Bf8 11. Ng3 g6 12. h3 Bg7 13. Bb3 Na5 14. Bc2 c5 15. Bg5
Qb6 16. b3 Nc6 17. Qd2 Be6 18. Rad1 d5 19. exd5 Bxd5 20. Ne4 Bxe4 21. dxe4 Rad8
22. Qe3 Qa7 23. Nd2 b5 24. Bd3 Rd7 25. Be2 Red8 26. Nf1 Rxd1 27. Rxd1 Rxd1 28.
Bxd1 Qe7 29. Qd3 Qd8 30. Be2 Qxd3 31. Bxd3 c4 32. Bxf6 cxb3 33. axb3 Bxf6 34.
Ne3 Kf8 35. b4 Be7 36. Nd5 Bd6 37. Kf1 h6 38. Ke2 Ke8 39. Kd2 Ne7 40. Nf6+ Kd8
41. Kc2 Nc6 42. Kb3 h5 43. Nd5 h4 44. c4 bxc4+ 45. Bxc4 Nb8 46. Ne3 Ke7 47. Bd5
Bc7 48. Bb7 Kd6 49. f3 Ke6 50. Ka4 Kf6 51. Nc4 Ke7 52. Na5 Kd6 53. Bd5 f5 54.
Nb7+ Ke7 55. Na5 Kd6 56. Bc4 fxe4 57. fxe4 Bxa5 58. Kxa5 Nc6+ 59. Ka4 Nb8 60.
Bd5 Nd7 61. Ka5 Nf6 62. Bb7 Nh5 63. Kxa6 Nf4 64. b5 Nxg2 65. b6 Nf4 66. Bc8 Nd3
67. b7 Nc5+ 68. Kb6 Nxb7 69. Bxb7 Kd7 70. Ba6 1-0

[Event "European Youth Chess Championship B16"]
[Site "Prague, Top Hotel Prague"]
[Date "2012.08.18"]
[Round "2.37"]
[White "Starcevs, Dmitrijs"]
[Black "Hanl, Frantisek"]
[Result "1-0"]
[WhiteElo "2052"]
[BlackElo "1911"]
[PlyCount "93"]
[EventDate "2012.08.17"]

1. e4 c6 2. d4 d5 3. Nc3 dxe4 4. Nxe4 Bf5 5. Ng3 Bg6 6. h4 h6 7. Nf3 Nd7 8. h5
Bh7 9. Bd3 Bxd3 10. Qxd3 Qc7 11. Bd2 Ngf6 12. O-O-O O-O-O 13. Kb1 e6 14. Ne4 c5
15. c3 c4 16. Qe2 b5 17. Nxf6 gxf6 18. g3 Nb6 19. b3 Nd5 20. Kb2 Kd7 21. Ra1
Rc8 22. Rhc1 Qc6 23. a4 bxa4 24. Rxa4 Qb7 25. Rxc4 Rb8 26. b4 Nb6 27. Bf4 Nxc4+
28. Qxc4 Rc8 29. Qd3 Bd6 30. Bxd6 Kxd6 31. Nd2 Ke7 32. Ra1 Rc7 33. Ne4 Qd5 34.
Ra5 Qc6 35. Qe3 f5 36. d5 exd5 37. Nf6+ Kd8 38. Nxd5 Rd7 39. Qd4 Re8 40. Rc5
Qa6 41. Kb3 Qe6 42. Rb5 Qd6 43. Qf6+ Kc8 44. Qd4 Rb7 45. Qc4+ Kb8 46. Rxb7+
Kxb7 47. Qb5+ 1-0

[Event "European Youth Chess Championship B16"]
[Site "Prague, Top Hotel Prague"]
[Date "2012.08.18"]
[Round "2.38"]
[White "Mcdonald, Ian"]
[Black "Fargac, Martin"]
[Result "0-1"]
[WhiteElo "1869"]
[BlackElo "2051"]
[PlyCount "78"]
[EventDate "2012.08.17"]

1. e4 e5 2. Nf3 Nc6 3. Bc4 Bc5 4. d3 Nf6 5. Nc3 d6 6. Be3 Bb6 7. Qd2 Be6 8.
Bxe6 fxe6 9. O-O-O O-O 10. Bxb6 axb6 11. d4 Ra5 12. dxe5 Nxe5 13. Nd4 Qe7 14.
f4 Nc6 15. Nb3 Raa8 16. Rhf1 b5 17. Nxb5 Nxe4 18. Qe3 d5 19. Kb1 Na5 20. Nxa5
Rxa5 21. Nc3 Nxc3+ 22. Qxc3 Rfa8 23. a3 Qd6 24. f5 e5 25. Qb3 c6 26. f6 gxf6
27. Qxb7 Rxa3 28. bxa3 Rb8 29. Qxb8+ Qxb8+ 30. Ka2 Kf7 31. Rd3 e4 32. Rh3 Qb5
33. Rf4 Qe2 34. Kb2 d4 35. Rxh7+ Kg6 36. Rfh4 d3 37. R7h6+ Kf7 38. Rf4 Qxc2+
39. Ka1 Qc1+ 0-1

[Event "European Youth Chess Championship B16"]
[Site "Prague, Top Hotel Prague"]
[Date "2012.08.18"]
[Round "2.39"]
[White "Sosovicka, Matej"]
[Black "Vaculik, Jakub"]
[Result "1/2-1/2"]
[WhiteElo "2040"]
[BlackElo "1850"]
[PlyCount "98"]
[EventDate "2012.08.17"]

1. d4 Nf6 2. c4 c5 3. d5 b5 4. cxb5 a6 5. b6 d6 6. Nc3 Qxb6 7. e4 g6 8. Nf3 Bg4
9. Be2 Nbd7 10. O-O Bg7 11. a4 Bxf3 12. Bxf3 a5 13. Ra3 Rb8 14. Be2 O-O 15. Qc2
Ne8 16. Bb5 Ndf6 17. Kh1 Nc7 18. f4 Nfe8 19. Rd1 Bxc3 20. Qxc3 Nxb5 21. axb5
Nc7 22. Qh3 Qxb5 23. Qh6 f6 24. f5 g5 25. Rg3 Qb4 26. Rf1 Kf7 27. Qh5+ Kg8 28.
h4 Qb5 29. Rg1 Qe8 30. Qh6 Qf7 31. hxg5 fxg5 32. Bxg5 Kh8 33. Bd2 Nb5 34. Bxa5
Rg8 35. Rxg8+ Rxg8 36. Bc3+ Nxc3 37. bxc3 Qg7 38. Qxg7+ Kxg7 39. g3 Kf6 40. Kg2
Ra8 41. Rh1 Kg7 42. Kf3 Ra3 43. Rc1 Kf6 44. Kf4 Ra2 45. g4 Rf2+ 46. Kg3 Re2 47.
Kf3 Rh2 48. Kg3 Re2 49. Kf3 Rh2 1/2-1/2

[Event "European Youth Chess Championship B16"]
[Site "Prague, Top Hotel Prague"]
[Date "2012.08.18"]
[Round "2.40"]
[White "Ulanowski, Karol"]
[Black "Adamciak, Tomas"]
[Result "1-0"]
[WhiteElo "2035"]
[BlackElo "1839"]
[PlyCount "59"]
[EventDate "2012.08.17"]

1. e4 e5 2. Nf3 Nc6 3. Bb5 a6 4. Ba4 Nf6 5. O-O Be7 6. Re1 b5 7. Bb3 d6 8. c3
O-O 9. h3 Na5 10. Bc2 c5 11. d4 Qc7 12. Nbd2 cxd4 13. cxd4 Nc6 14. Nb3 a5 15.
Be3 a4 16. Nbd2 Bd7 17. a3 Rfe8 18. Bd3 Qb7 19. Qe2 Rab8 20. b4 axb3 21. Nxb3
exd4 22. Nfxd4 Ne5 23. Bf4 Nxd3 24. Qxd3 Ra8 25. Nf5 Bxf5 26. exf5 Nd5 27. Bd2
b4 28. axb4 Rxa1 29. Nxa1 Nxb4 30. Qb3 1-0

[Event "European Youth Chess Championship B16"]
[Site "Prague, Top Hotel Prague"]
[Date "2012.08.18"]
[Round "2.42"]
[White "Eggink, Ryszard"]
[Black "Bocek, Tadeas"]
[Result "1-0"]
[WhiteElo "2031"]
[BlackElo "1830"]
[PlyCount "81"]
[EventDate "2012.08.17"]

1. e4 c5 2. Nf3 Nc6 3. d4 cxd4 4. Nxd4 g6 5. c4 Nf6 6. Nc3 d6 7. Be2 Nxd4 8.
Qxd4 Bg7 9. Be3 O-O 10. Qd2 Qa5 11. O-O Be6 12. Rac1 a6 13. f3 Rfc8 14. b3 b5
15. Nb1 Qxd2 16. Nxd2 bxc4 17. Nxc4 Nd7 18. Rc2 Rc6 19. Rfc1 Rac8 20. Kf2 Ne5
21. Na3 Rxc2 22. Rxc2 Kf8 23. Rxc8+ Bxc8 24. Nc2 Nc6 25. b4 Bc3 26. b5 axb5 27.
Bxb5 Nb4 28. Nxb4 Bxb4 29. Bb6 Ba3 30. Bc6 Be6 31. Bd5 Bxd5 32. exd5 e5 33. Ke3
Ke7 34. Kd3 Kd7 35. Kc4 Kc8 36. Be3 f5 37. Kb3 Bc5 38. Bxc5 dxc5 39. Kc4 e4 40.
fxe4 fxe4 41. a4 1-0

[Event "European Youth Chess Championship B16"]
[Site "Prague, Top Hotel Prague"]
[Date "2012.08.18"]
[Round "2.43"]
[White "Gruter, Martin"]
[Black "Hrdina, Robin"]
[Result "1/2-1/2"]
[WhiteElo "1811"]
[BlackElo "2024"]
[PlyCount "58"]
[EventDate "2012.08.17"]

1. d4 Nf6 2. c4 e6 3. Nc3 Bb4 4. Qc2 b6 5. Bg5 h6 6. Bh4 Bb7 7. f3 Nc6 8. e3
Be7 9. a3 O-O 10. Bd3 d5 11. Nge2 dxc4 12. Bxc4 Na5 13. Ba2 Nd5 14. Bf2 Bh4 15.
Nxd5 exd5 16. b4 Bxf2+ 17. Kxf2 Nc6 18. Rhe1 Re8 19. Nf4 Ne7 20. Rac1 Rc8 21.
Bb1 g6 22. h4 Nf5 23. g3 Kg7 24. Qa4 Nd6 25. Qc2 Nf5 26. Ng2 Qd6 27. Nf4 Qd8
28. Ng2 Qd6 29. Nf4 Qd8 1/2-1/2